ELECTRONICS COMPONTS AND MATERIAL 3RD EDITION (Record no. 333002)

MARC details
000 -LEADER
fixed length control field 00265nam a2200097Ia 4500
008 - FIXED-LENGTH DATA ELEMENTS--GENERAL INFORMATION
fixed length control field 230508s2005 xx 000 0 und d
041 ## - LANGUAGE CODE
Language code of text/sound track or separate title eng
100 ## - MAIN ENTRY--PERSONAL NAME
Personal name JOSHI MADHURI
245 ## - TITLE STATEMENT
Title ELECTRONICS COMPONTS AND MATERIAL 3RD EDITION
260 ## - PUBLICATION, DISTRIBUTION, ETC.
Name of publisher, distributor, etc. SHROFF PUBLI.AND DIS
Date of publication, distribution, etc. 2005
Holdings
Withdrawn status Lost status Damaged status Not for loan Home library Current library Date acquired Cost, normal purchase price Total Checkouts Barcode Date last seen Date last checked out Price effective from Koha item type
        Jawaharlal Nehru Institute of Technology(Poly), Pune Jawaharlal Nehru Institute of Technology(Poly), Pune 09/05/2023 175.00 1 ITP-20210 18/05/2026 24/03/2026 09/05/2023 Book